1736 1197 1515 1420 1694 1449 1898 1726 1129 1502 1703 1590 1563 1633 1098 1307 1416 1458 1348 1462 1905 1958 1466 1291 1935 1258 1994 1262 1253 1786 1054 1187 1597 1402 1523 1987 1775 1229 1629 1836 1315 1199 1943 1865 1357 1548 1743 1882 1379 1285 1147 1329 1217 1162 1080 1408 1092 1705 1069 1230 1219 1839 1514 1302 1004 1795 1860 1073 1684 1922 1234 1160 1938 1361 1434 1435 1370 1616 1995 1777 1505 1150 1697 1441 1460 1145 1693 1020 1171 1639 1975 1258 1347 1228 1792 1341 1578 1661 1716 BCNSPRNW ULIB Ver.6.0+V

เปลี่ยนเป็นภาษาไทย

Change to English
 แสดงรายละเอียดบรรณานุกรม
  กลับหน้าหลัก

Brief Record : Get Marc (ISO 2709) : E-mail record : QR code < ปิดหน้าต่าง
LEADER : 00000nam 2200000uu 4500
001    13399111913
003     ULIB
008    110627s2556||||th 000 0 tha d
020    9786160610655
090    นว.^bป524ร
100 0  ปัญญ์ปรียา
245 00 รักกำลังดี/^cปัญญ์ปรียา
250    พิมพ์ครั้งที่ 2
260    กรุงเทพฯ :^bแจ่มใส,^c2556
300    240 หน้า
710 1  แจ่มใส
945    ^p249^l0^i021013
995    ทศพร
999 ^a ใช้งานได้ทุกระบบ
รายการนี้ยังไม่มีแท็ก
คุณยังไม่ได้ล็อกอิน คุณสามารถมีกิจกรรมร่วมกับเว็บไซต์ได้ แต่ต้องล็อกอินก่อน ::
  ล็อกอิน

รายการสื่อสารสนเทศ

ลำดับที่ ประเภท เลขเรียก/บาร์โค้ด สถานที่ สถานะ
1. นวนิยาย
นวนิยาย
นว. ป524ร ฉ.1 
  Barcode: 021013
ห้องสมุดวิทยาเขตสวรรค์ประชารักษ์
►นวนิยาย
บนชั้น
  ขอยืม

รายการใกล้เคียง
    ผู้แต่ง [ปัญญ์ปรียา]

BibComment


ยังไม่เคยถูกคอมเมนท์

คอมเมนท์ทรัพยากรรายการนี้
  คอมเมนท์: รักกำลังดี ปัญญ์ป..


 Copyright 2026. Bcnsprnw @Library